000 00387pab a2200157 454500
008 180718b2003 xxu||||| |||| 00| 0 eng d
100 _aSali, M.L.
245 _aAuranchal Pradesh and Sino-Indian border dispute
260 _c2003
300 _ap.15-18.
362 _aOct
650 _aIndia - Boundaries - China
650 _aBoundaries
773 _aThird Concept
909 _a58407
999 _c58407
_d58407